Bahnhöfe in Hannover - Statistiken

Allgemein
  • Dieses Quiz wurde 163 mal gespielt
    160 seit der letzten Aktualisierung
  • Das Durchschnittsergebnis liegt bei 7 aus 11
Antwortstatistiken
Antwort % Korrekt
Hauptbahnhof
91%
Linden/Fischerhof
86%
Nordstadt
81%
Bismarckstraße
66%
Anderten/Misburg
57%
Leinhausen
56%
Karl-Wiechert-Allee
55%
Ledeburg
55%
Kleefeld
54%
Vinnhorst
53%
Bornum
39%
Keine übereinstimmenden Quizze gefunden
Verteilung der Resultate
Anzahl Personen mit jedem Resultat
Perzentil nach korrekt beantworteten Fragen
Ihre Resultats-Entwicklung
Sie haben dieses Quiz seit der letzten Aktualisierung nicht gespielt